Normal view
MARC view
Entry Topical Term
001 - CONTROL NUMBER
- control field: 9999
003 - CONTROL NUMBER IDENTIFIER
- control field: OSt
005 - DATE AND TIME OF LATEST TRANSACTION
- control field: 20150910160901.0
008 - FIXED-LENGTH DATA ELEMENTS
- fixed length control field: 150910|| aca||aabn | a|a d
040 ## - CATALOGING SOURCE
- Original cataloging agency: OSt
- Transcribing agency: OSt
150 ## - HEADING--TOPICAL TERM
- Topical term or geographic name entry element: Drama
670 ## - SOURCE DATA FOUND
- Source citation: Work cat.: (OSt)4379: Nagarajan, T M 9998, Yes, Sethji, 1993









